[Event "Kvika Reykjavik Open 2022"]
[Site "Reykjavik, Iceland"]
[Date "2022.04.07"]
[Round "2.29"]
[White "Bosboom, Ardin"]
[Black "Vardaan, Nagpal"]
[Result "1-0"]
[WhiteElo "2078"]
[BlackElo "2372"]
[PlyCount "105"]
[EventDate "2022.??.??"]

1. d4 {[%eval 3,0]} d5 {[%eval 35,0]} 2. c4 {[%eval 36,0]} e6 {[%eval 3,0]} 3.
Nc3 {[%eval 39,0]} c6 {[%eval 32,0]} 4. e4 {[%eval 19,0]} dxe4 {[%eval 2,0]} 5.
Nxe4 {[%eval 28,0]} Bb4+ {[%eval 27,0]} 6. Bd2 {[%eval 0,0]} Qxd4 {[%eval 17,0]
} 7. Bxb4 {[%eval 25,0]} Qxe4+ {[%eval 6,0]} 8. Ne2 {[%eval 0,0]} Na6 {[%eval
0,0]} 9. Bf8 {[%eval 0,0]} Qe5 $4 {[%eval 196,0] Blunder. Ne7 was best.} (9...
Ne7 10. Bxg7 Nb4 11. Bxh8 e5 12. Qd2 Nd3+ 13. Kd1 Nxf2+ 14. Kc1 Nd3+ 15. Kc2
Nc5+ 16. Kc3) 10. Qd2 {[%eval 212,0]} Bd7 {[%eval 251,0]} 11. Bd6 {[%eval 194,
0]} Qe4 $6 {[%eval 281,0] Inaccuracy. Qf6 was best.} (11... Qf6) 12. O-O-O {
[%eval 308,0]} Nf6 $6 {[%eval 404,0] Inaccuracy. c5 was best.} (12... c5 13. h4
) 13. Ng3 $2 {[%eval 265,0] Mistake. f3 was best.} (13. f3 Qxc4+ 14. Nc3 Qh4
15. Bxa6 bxa6 16. Rhe1 Nd5 17. Nxd5 cxd5 18. Qxd5 Rc8+ 19. Kb1 Qf6) 13... Qh4 {
[%eval 237,0]} 14. Qe3 {[%eval 205,0]} Ng4 {[%eval 244,0]} 15. Qd4 {[%eval 257,
0]} e5 {[%eval 413,0]} 16. Bxe5 {[%eval 293,0]} O-O-O {[%eval 269,0]} 17. h3 {
[%eval 412,0]} c5 $6 {[%eval 609,0] Inaccuracy. Qh6+ was best.} (17... Qh6+ 18.
Bf4) 18. hxg4 {[%eval 487,0]} Qxh1 {[%eval 471,0]} 19. Qxd7+ {[%eval 494,0]}
Rxd7 {[%eval 495,0]} 20. Nxh1 {[%eval 483,0]} Rxd1+ {[%eval 507,0]} 21. Kxd1 {
[%eval 472,0]} Rd8+ {[%eval 507,0]} 22. Kc1 $6 {[%eval 378,0] Inaccuracy. Kc2
was best.} (22. Kc2 Nb4+ 23. Kb3 g6 24. Bf4 Rd1 25. Ng3 b6 26. Be3 Nc6 27. Kc2
Re1 28. Kc3 Ra1) 22... f6 {[%eval 451,0]} 23. Bc3 {[%eval 436,0]} Nc7 $6 {
[%eval 644,0] Inaccuracy. Nb4 was best.} (23... Nb4 24. Bxb4 cxb4 25. Be2 g6
26. Ng3 Re8 27. Kd2 Re6 28. Kc2 Kc7 29. Bf3 Re1 30. Ne4) 24. Ng3 {[%eval 621,0]
} Ne6 {[%eval 653,0]} 25. Kc2 {[%eval 617,0]} Kd7 {[%eval 669,0]} 26. Bd3 {
[%eval 654,0]} h6 {[%eval 645,0]} 27. Nh5 {[%eval 623,0]} Ke7 {[%eval 662,0]}
28. g3 {[%eval 558,0]} Kf7 {[%eval 568,0]} 29. Be4 {[%eval 545,0]} Rd7 {
[%eval 604,0]} 30. Bd5 {[%eval 666,0]} Ke7 {[%eval 639,0]} 31. b4 {[%eval 663,
0]} Kd6 {[%eval 603,0]} 32. Bxe6 Kxe6 33. bxc5 Kf7 34. Nf4 Rc7 35. Bd4 Re7 36.
Kd2 Re4 37. Kc3 Re1 38. c6 bxc6 39. Bxa7 Re5 40. Kb4 g5 41. Nd3 Re7 42. Bb6 Rd7
43. a4 Rxd3 44. a5 c5+ 45. Kxc5 Ke6 46. Kc6 Rd6+ 47. Kb7 Rd7+ 48. Bc7 Rd4 49.
c5 Kd5 50. a6 Rxg4 51. a7 Ra4 52. Bb6 h5 53. c6 1-0

[Event "Kvika Reykjavik Open 2022"]
[Site "Reykjavik, Iceland"]
[Date "2022.04.07"]
[Round "2.31"]
[White "Dishman, stephen"]
[Black "Barthel, Ansgar"]
[Result "1-0"]
[WhiteElo "2339"]
[BlackElo "2053"]
[PlyCount "65"]
[EventDate "2022.??.??"]

1. Nf3 {[%eval 29,0]} d5 {[%eval 34,0]} 2. c4 {[%eval 0,0]} e6 {[%eval 2,0]} 3.
d4 {[%eval 0,0]} c5 {[%eval 47,0]} 4. cxd5 {[%eval 46,0]} exd5 {[%eval 49,0]}
5. g3 {[%eval 34,0]} Nc6 {[%eval 52,0]} 6. Bg2 {[%eval 67,0]} Nf6 {[%eval 59,0]
} 7. O-O {[%eval 51,0]} Be7 {[%eval 44,0]} 8. Nc3 {[%eval 56,0]} O-O {[%eval
63,0]} 9. Bg5 {[%eval 43,0]} cxd4 $6 {[%eval 94,0] Inaccuracy. c4 was best.} (
9... c4 10. e3 Be6 11. b3 cxb3 12. Bxf6 Bxf6 13. axb3 Nb4 14. Na2 Nxa2 15. Rxa2
a5 16. Ne1) 10. Nxd4 {[%eval 87,0]} h6 {[%eval 91,0]} 11. Be3 {[%eval 76,0]}
Bg4 {[%eval 75,0]} 12. Qa4 {[%eval 52,0]} Ne5 {[%eval 66,0]} 13. Rad1 {[%eval
37,0]} Nc4 {[%eval 5,0]} 14. Qb3 {[%eval 51,0]} Nxe3 {[%eval 69,0]} 15. fxe3 {
[%eval 78,0]} Qb6 $6 {[%eval 177,0] Inaccuracy. Qd7 was best.} (15... Qd7) 16.
Qxb6 {[%eval 158,0]} axb6 {[%eval 166,0]} 17. Nxd5 {[%eval 145,0]} Nxd5 {
[%eval 137,0]} 18. Bxd5 {[%eval 176,0]} Bf6 {[%eval 108,0]} 19. Rd3 {[%eval
147,0]} Rfe8 {[%eval 146,0]} 20. e4 {[%eval 161,0]} Be6 {[%eval 212,0]} 21.
Bxe6 {[%eval 165,0]} fxe6 {[%eval 109,0]} 22. a3 {[%eval 196,0]} Ra4 {[%eval
201,0]} 23. Rfd1 $2 {[%eval 71,0] Mistake. b4 was best.} (23. b4) 23... e5 $4 {
[%eval 415,0] Blunder. b5 was best.} (23... b5 24. b4 Bxd4+ 25. Rxd4 Rxa3 26.
Rd7 Re3 27. Rxb7 Rxe2 28. Rdd7 Kh8 29. Rxg7 Ra8 30. Rgf7) 24. Nb5 {[%eval 419,
0]} Be7 $6 {[%eval 542,0] Inaccuracy. Rc8 was best.} (24... Rc8 25. Kf2) 25. b4
{[%eval 588,0]} Bf8 {[%eval 655,0]} 26. Rd7 {[%eval 683,0]} Re7 {[%eval 702,0]}
27. Rd8 {[%eval 684,0]} Rf7 {[%eval 715,0]} 28. Rb8 Kh7 29. Rf1 Rxf1+ 30. Kxf1
Be7 31. Rxb7 Bg5 32. Ra7 Rxa7 33. Nxa7 1-0

[Event "Kvika Reykjavik Open 2022"]
[Site "Reykjavik, Iceland"]
[Date "2022.04.07"]
[Round "2.32"]
[White "Cummings, David H."]
[Black "Marzik, Hans"]
[Result "1-0"]
[WhiteElo "2321"]
[BlackElo "2050"]
[PlyCount "81"]
[EventDate "2022.??.??"]

1. c4 {[%eval 23,0]} Nf6 {[%eval 29,0]} 2. Nc3 {[%eval 8,0]} g6 {[%eval 51,0]}
3. e4 {[%eval 24,0]} d6 {[%eval 69,0]} 4. d4 {[%eval 68,0]} Bg7 {[%eval 73,0]}
5. h3 {[%eval 69,0]} O-O {[%eval 64,0]} 6. Be3 {[%eval 63,0]} e5 {[%eval 84,0]}
7. d5 {[%eval 55,0]} a5 {[%eval 83,0]} 8. g4 {[%eval 102,0]} c6 {[%eval 104,0]}
9. Qd2 {[%eval 81,0]} b5 {[%eval 89,0]} 10. cxb5 {[%eval 92,0]} cxd5 {[%eval
108,0]} 11. exd5 {[%eval 121,0]} a4 {[%eval 146,0]} 12. Nge2 {[%eval 143,0]}
Nbd7 {[%eval 145,0]} 13. Ng3 {[%eval 158,0]} Nb6 {[%eval 186,0]} 14. g5 {
[%eval 137,0]} Ne8 {[%eval 165,0]} 15. Nge4 {[%eval 103,0]} Bb7 $6 {[%eval 239,
0] Inaccuracy. Rb8 was best.} (15... Rb8 16. Be2) 16. O-O-O $6 {[%eval 178,0]
Inaccuracy. h4 was best.} (16. h4 Rc8) 16... f5 $6 {[%eval 241,0] Inaccuracy.
a3 was best.} (16... a3 17. b3 Rc8 18. Kb1 f5 19. gxf6 Nxf6 20. Nxf6+ Rxf6 21.
Rc1 e4 22. Bd4 Rf5 23. Be2) 17. gxf6 {[%eval 233,0]} Nxf6 {[%eval 234,0]} 18.
Nxf6+ {[%eval 237,0]} Bxf6 {[%eval 239,0]} 19. Kb1 {[%eval 179,0]} Bh4 $2 {
[%eval 337,0] Mistake. a3 was best.} (19... a3) 20. Rg1 {[%eval 337,0]} a3 {
[%eval 353,0]} 21. Bd3 {[%eval 335,0]} Rf7 $2 {[%eval 648,0] Mistake. Kg7 was
best.} (21... Kg7) 22. b3 $4 {[%eval 292,0] Blunder. Bxg6 was best.} (22. Bxg6)
22... Nd7 {[%eval 291,0]} 23. Rg4 {[%eval 332,0]} Nf8 {[%eval 374,0]} 24. Rc4 {
[%eval 358,0]} Rc8 $6 {[%eval 505,0] Inaccuracy. Nd7 was best.} (24... Nd7 25.
Rc1 Nc5 26. Bc2 Rc8 27. Rg1 Rcc7 28. b4 Na6 29. Rgg4 Rxc4 30. Rxc4 Nc7 31. b6)
25. Rg1 $6 {[%eval 393,0] Inaccuracy. Ne4 was best.} (25. Ne4 Be7 26. Rc6 Rf3
27. Qc1 Rxh3 28. Qxa3 Bxc6 29. bxc6 Ra8 30. Qb4 Rb8 31. Qc4 Qa5) 25... Rxc4 {
[%eval 387,0]} 26. bxc4 {[%eval 367,0]} Bc8 {[%eval 394,0]} 27. Ne4 {[%eval
339,0]} Bf5 {[%eval 306,0]} 28. f3 {[%eval 317,0]} Bd7 $2 {[%eval 523,0]
Mistake. Qb8 was best.} (28... Qb8) 29. Be2 Bf5 30. Rc1 Bxe4+ 31. fxe4 Bf2 32.
Bg4 Bxe3 33. Qxe3 Kg7 34. Qxa3 Qh4 35. Qe3 h5 36. Be6 Rf4 37. Re1 Nh7 38. b6
Nf6 39. b7 Rxe4 40. b8=Q Rxe3 41. Qa7+ 1-0

[Event "Kvika Reykjavik Open 2022"]
[Site "Reykjavik, Iceland"]
[Date "2022.04.07"]
[Round "2.33"]
[White "Lim, Zhuo Ren"]
[Black "Kartsev, Nikolay"]
[Result "1/2-1/2"]
[WhiteElo "2317"]
[BlackElo "2041"]
[PlyCount "64"]
[EventDate "2022.??.??"]

1. d4 {[%eval 3,0]} Nf6 {[%eval 23,0]} 2. c4 {[%eval 2,0]} e6 {[%eval 23,0]} 3.
Nf3 {[%eval 0,0]} d5 {[%eval 17,0]} 4. g3 {[%eval 18,0]} Bb4+ {[%eval 19,0]} 5.
Bd2 {[%eval 19,0]} Be7 {[%eval 14,0]} 6. Bg2 {[%eval 17,0]} O-O {[%eval 15,0]}
7. Qc2 {[%eval 5,0]} Nbd7 {[%eval 28,0]} 8. O-O {[%eval 4,0]} c6 {[%eval 17,0]}
9. Rd1 {[%eval 8,0]} b6 {[%eval 21,0]} 10. Nc3 {[%eval 8,0]} dxc4 {[%eval 8,0]}
11. Ne5 {[%eval 38,0]} Nxe5 {[%eval 8,0]} 12. dxe5 {[%eval 22,0]} Nd5 {[%eval
28,0]} 13. Qe4 $2 {[%eval -69,0] Mistake. Ne4 was best.} (13. Ne4 a5 14. Qxc4
Ba6 15. Qxc6 Rc8 16. Qa4 Bxe2 17. Rdc1 Rxc1+ 18. Rxc1 Qb8 19. Qd4 Rd8) 13... b5
{[%eval -71,0]} 14. Qg4 {[%eval -73,0]} Qc7 {[%eval -87,0]} 15. Bf4 {[%eval
-91,0]} Nxc3 $6 {[%eval 31,0] Inaccuracy. Nxf4 was best.} (15... Nxf4 16. Qxf4
Rb8 17. Ne4 a5 18. Nd6 a4 19. Rd2 c5 20. a3 Ba6 21. h4 Rbd8 22. Rc1) 16. bxc3 {
[%eval 6,0]} Kh8 {[%eval 7,0]} 17. Bg5 {[%eval 1,0]} f6 $6 {[%eval 83,0]
Inaccuracy. Bxg5 was best.} (17... Bxg5 18. Qxg5) 18. exf6 {[%eval 53,0]} Bxf6
$6 {[%eval 121,0] Inaccuracy. gxf6 was best.} (18... gxf6 19. Bh6 Rg8 20. Qe4
Rb8 21. a4 a6 22. Be3 c5 23. Ra2 e5 24. axb5 axb5 25. Rda1) 19. Bxf6 {[%eval
138,0]} Rxf6 {[%eval 154,0]} 20. Bxc6 $6 {[%eval 79,0] Inaccuracy. Qh5 was
best.} (20. Qh5 Bd7) 20... e5 {[%eval 98,0]} 21. Qh4 {[%eval 79,0]} Bb7 {
[%eval 9,0]} 22. Be4 {[%eval 88,0]} Bxe4 $6 {[%eval 165,0] Inaccuracy. h6 was
best.} (22... h6 23. a4 Raf8 24. f3 a6 25. axb5 axb5 26. Kg2 Qb6 27. Bxb7 Qxb7
28. Qg4 R6f7 29. Rd6) 23. Qxe4 {[%eval 137,0]} Raf8 {[%eval 107,0]} 24. f3 {
[%eval 202,0]} Rd6 {[%eval 169,0]} 25. Rd5 $2 {[%eval 19,0] Mistake. Kg2 was
best.} (25. Kg2 h6 26. a4 Rxd1 27. Rxd1 b4 28. cxb4 c3 29. Qd3 Rc8 30. Rc1 c2
31. b5 Qc5) 25... Qb6+ {[%eval 41,0]} 26. Kf1 {[%eval 4,0]} Rxd5 {[%eval 39,0]}
27. Qxd5 {[%eval 38,0]} Qe3 {[%eval 87,0]} 28. Qd6 Kg8 29. Qe6+ Kh8 30. Qe7 Kg8
31. Qe6+ Kh8 32. Qe7 Kg8 1/2-1/2

[Event "Kvika Reykjavik Open 2022"]
[Site "Reykjavik, Iceland"]
[Date "2022.04.07"]
[Round "2.34"]
[White "Held, Thomas"]
[Black "Valkama, Eero"]
[Result "0-1"]
[WhiteElo "2054"]
[BlackElo "2244"]
[PlyCount "64"]
[EventDate "2022.??.??"]

1. e4 {[%eval 33,0]} e5 {[%eval 12,0]} 2. Nf3 {[%eval 19,0]} Nc6 {[%eval 32,0]}
3. Bb5 {[%eval 24,0]} a6 {[%eval 37,0]} 4. Ba4 {[%eval 35,0]} Nf6 {[%eval 37,0]
} 5. O-O {[%eval 29,0]} Be7 {[%eval 39,0]} 6. Re1 {[%eval 45,0]} b5 {[%eval 33,
0]} 7. Bb3 {[%eval 31,0]} d6 {[%eval 33,0]} 8. a4 {[%eval 31,0]} Bd7 {[%eval
31,0]} 9. a5 {[%eval 1,0]} Nb8 {[%eval 51,0]} 10. c3 $6 {[%eval 1,0]
Inaccuracy. d4 was best.} (10. d4 exd4) 10... c5 {[%eval 9,0]} 11. d4 {[%eval
0,0]} Nc6 {[%eval 7,0]} 12. dxc5 {[%eval 32,0]} dxc5 {[%eval 7,0]} 13. Bd5 {
[%eval 11,0]} O-O {[%eval 7,0]} 14. Nbd2 $6 {[%eval 88,0] Inaccuracy. c4 was
best.} (14. c4 Re8) 14... Qc7 {[%eval 91,0]} 15. Nf1 {[%eval -93,0]} Rad8 {
[%eval 96,0]} 16. Bxc6 $6 {[%eval -38,0] Inaccuracy. Qe2 was best.} (16. Qe2 h6
) 16... Bxc6 {[%eval -27,0]} 17. Qc2 {[%eval -53,0]} c4 {[%eval -27,0]} 18. Ng3
{[%eval -26,0]} Nd7 {[%eval -15,0]} 19. Be3 {[%eval -46,0]} Bc5 {[%eval -19,0]}
20. Bg5 {[%eval -196,0]} f6 {[%eval -147,0]} 21. Bc1 {[%eval -139,0]} Ba7 {
[%eval -159,0]} 22. b4 {[%eval -161,0]} cxb3 {[%eval -142,0]} 23. Qxb3+ {
[%eval -137,0]} Kh8 {[%eval -159,0]} 24. Qe6 $6 {[%eval -234,0] Inaccuracy.
Qa3 was best.} (24. Qa3 Nc5 25. Be3 Bd7 26. h3 Be6 27. Rad1 Kg8 28. Rxd8 Rxd8
29. Re2 Nd3 30. Bxa7 Qxa7) 24... Nc5 {[%eval -342,0]} 25. Qh3 $6 {[%eval -618,
0] Inaccuracy. Qa2 was best.} (25. Qa2 Nd3 26. Re2 Nxf2 27. Rxf2 Bxe4 28. Ba3
Bd5 29. Qb2 Bxf2+ 30. Qxf2 Qxc3 31. Qe1 Qxe1+) 25... Nd3 {[%eval -778,0]} 26.
Re3 {[%eval -742,0]} Nxc1 {[%eval -767,0]} 27. Rxc1 {[%eval -763,0]} Bxe3 {
[%eval -764,0]} 28. fxe3 {[%eval -796,0]} Bd7 {[%eval -763,0]} 29. Qh5 {
[%eval -754,0]} Qxa5 {[%eval -762,0]} 30. Nh4 {[%eval -779,0]} Kg8 31. Ngf5
Bxf5 32. Nxf5 Qc7 0-1

[Event "Kvika Reykjavik Open 2022"]
[Site "Reykjavik, Iceland"]
[Date "2022.04.07"]
[Round "2.35"]
[White "Lohia, Sohum"]
[Black "Ritzka, Simon"]
[Result "1/2-1/2"]
[WhiteElo "2196"]
[BlackElo "2038"]
[PlyCount "68"]
[EventDate "2022.??.??"]

1. e4 {[%eval 33,0]} e6 {[%eval 13,0]} 2. d4 {[%eval 24,0]} d5 {[%eval 25,0]}
3. Nc3 {[%eval 0,0]} Nf6 {[%eval 0,0]} 4. Bg5 {[%eval 24,0]} Bb4 {[%eval 34,0]}
5. e5 {[%eval 31,0]} h6 {[%eval 0,0]} 6. Bd2 {[%eval 0,0]} Bxc3 {[%eval 0,0]}
7. Bxc3 {[%eval 23,0]} Ne4 {[%eval 21,0]} 8. Bb4 {[%eval 24,0]} c5 {[%eval 0,0]
} 9. Bxc5 {[%eval 13,0]} Nxc5 {[%eval 1,0]} 10. dxc5 {[%eval 14,0]} Qc7 {
[%eval 0,0]} 11. Nf3 {[%eval 22,0]} Qxc5 {[%eval 27,0]} 12. c3 {[%eval 2,0]}
Bd7 {[%eval 0,0]} 13. Bd3 {[%eval 7,0]} Bb5 {[%eval 11,0]} 14. O-O {[%eval 38,
0]} Nc6 {[%eval 38,0]} 15. a4 {[%eval 62,0]} Bxd3 {[%eval 55,0]} 16. Qxd3 {
[%eval 62,0]} O-O {[%eval 56,0]} 17. Qb5 {[%eval 57,0]} Qe7 {[%eval 48,0]} 18.
Rfe1 {[%eval 61,0]} Qc7 {[%eval 6,0]} 19. Rad1 {[%eval 7,0]} Rac8 {[%eval 54,0]
} 20. h4 {[%eval 56,0]} a6 {[%eval 64,0]} 21. Qd3 {[%eval 99,0]} b5 $2 {
[%eval 47,0] Mistake. Qa5 was best.} (21... Qa5) 22. axb5 {[%eval 29,0]} axb5 {
[%eval 27,0]} 23. Qxb5 {[%eval 34,0]} Rb8 {[%eval 31,0]} 24. Qe2 {[%eval 32,0]}
Rb3 {[%eval 41,0]} 25. c4 {[%eval 0,0]} dxc4 {[%eval 0,0]} 26. Qxc4 {[%eval 8,
0]} Qb6 {[%eval 0,0]} 27. Re2 {[%eval 17,0]} Rb8 {[%eval 13,0]} 28. Rc1 {
[%eval 5,0]} Ne7 {[%eval 0,0]} 29. Rcc2 Nf5 30. h5 Rxf3 31. gxf3 Nd4 32. Re3
Nxc2 33. Qxc2 Qd8 34. f4 Qb6 1/2-1/2

[Event "Kvika Reykjavik Open 2022"]
[Site "Reykjavik, Iceland"]
[Date "2022.04.07"]
[Round "2.36"]
[White "Thorsteinsdottir, Hallgerdur"]
[Black "Willow, Jonah B"]
[Result "0-1"]
[WhiteElo "1981"]
[BlackElo "2411"]
[PlyCount "116"]
[EventDate "2022.??.??"]

1. e4 {[%eval 33,0]} c5 {[%eval 32,0]} 2. Nf3 {[%eval 0,0]} Nf6 $6 {[%eval 71,
0] Inaccuracy. d6 was best.} (2... d6 3. c3 Nf6 4. h3 Nc6 5. Bd3 e5 6. O-O Be7
7. Bc2) 3. e5 {[%eval 72,0]} Nd5 {[%eval 75,0]} 4. c4 $6 {[%eval 24,0]
Inaccuracy. Nc3 was best.} (4. Nc3 e6 5. Ne4 f5 6. Nc3 Nxc3 7. dxc3 Nc6 8. Bf4
a6) 4... Nc7 {[%eval 27,0]} 5. d4 {[%eval 17,0]} cxd4 {[%eval 25,0]} 6. Nxd4 {
[%eval 2,0]} g6 {[%eval 5,0]} 7. Be2 {[%eval 5,0]} Bg7 {[%eval 12,0]} 8. f4 $6
{[%eval 78,0] Inaccuracy. Nc3 was best.} (8. Nc3 Nc6 9. Nf3 Nxe5 10. Nxe5 Bxe5
11. O-O d6 12. Bh6 Ne6) 8... O-O {[%eval 59,0]} 9. O-O {[%eval 9,0]} d6 {
[%eval -95,0]} 10. exd6 {[%eval -53,0]} Qxd6 {[%eval -55,0]} 11. Nb3 {[%eval
-46,0]} Qxd1 $2 {[%eval 21,0] Mistake. Qb6+ was best.} (11... Qb6+ 12. Kh1) 12.
Rxd1 {[%eval 4,0]} Nc6 {[%eval 27,0]} 13. Nc3 {[%eval 18,0]} Bf5 {[%eval 31,0]}
14. Be3 {[%eval 3,0]} Rfd8 {[%eval 2,0]} 15. Rxd8+ {[%eval 27,0]} Rxd8 {
[%eval 43,0]} 16. Rd1 {[%eval 39,0]} Rxd1+ {[%eval 4,0]} 17. Bxd1 {[%eval 36,0]
} Bd3 {[%eval 41,0]} 18. Nd2 {[%eval 63,0]} b6 {[%eval 25,0]} 19. Kf2 {[%eval
46,0]} Nd4 {[%eval 8,0]} 20. g4 {[%eval 25,0]} Na6 {[%eval 5,0]} 21. a3 $6 {
[%eval 54,0] Inaccuracy. Nb3 was best.} (21. Nb3 Ne6 22. Be2 Bc2 23. Nb5 Bxb2
24. Nxa7 Nb4 25. Nc1 Nc5 26. Nc8 Bxc1 27. Bxc1 Nbd3+) 21... Nc5 $6 {[%eval 0,0]
Inaccuracy. Kf8 was best.} (21... Kf8) 22. b4 {[%eval 2,0]} Nb7 {[%eval 33,0]}
23. h3 $6 {[%eval 22,0] Inaccuracy. Ne2 was best.} (23. Ne2) 23... Nd6 {
[%eval 1,0]} 24. c5 {[%eval 19,0]} bxc5 {[%eval 14,0]} 25. bxc5 {[%eval 0,0]}
Nb7 $6 {[%eval 82,0] Inaccuracy. N6b5 was best.} (25... N6b5 26. Nxb5 Bxb5 27.
a4 Bd7 28. Nf3 Nc6 29. Bb3 Na5 30. Bc2 Nc6 31. Bd3 Be6 32. Be4) 26. Na4 $2 {
[%eval 66,0] Mistake. Nd5 was best.} (26. Nd5) 26... Bb5 {[%eval 22,0]} 27. Ne4
{[%eval 72,0]} Bc6 {[%eval 76,0]} 28. Nec3 $6 {[%eval -96,0] Inaccuracy. Nd2
was best.} (28. Nd2) 28... Na5 {[%eval -91,0]} 29. Nb2 {[%eval -92,0]} Ne6 {
[%eval 97,0]} 30. Nca4 {[%eval 97,0]} Nc7 {[%eval 86,0]} 31. Kg3 {[%eval 89,0]}
Nb5 {[%eval 7,0]} 32. Bd2 {[%eval 7,0]} Nb7 {[%eval 67,0]} 33. Nc4 {[%eval 7,0]
} Bd4 {[%eval 52,0]} 34. Ne5 $2 {[%eval -94,0] Mistake. Bb4 was best.} (34. Bb4
f5 35. gxf5 gxf5 36. Ne5 Bxe5 37. fxe5 Kf8 38. Kh4 a5 39. Bd2 Nxa3 40. Bh6+ Kf7
) 34... Bxe5 {[%eval -93,0]} 35. fxe5 {[%eval -36,0]} Nxa3 {[%eval -58,0]} 36.
Be3 $6 {[%eval -191,0] Inaccuracy. Nb2 was best.} (36. Nb2) 36... Nc4 {[%eval
-171,0]} 37. Bd4 {[%eval -186,0]} Nd8 {[%eval -193,0]} 38. Nb2 {[%eval -193,0]}
Nxb2 $6 {[%eval -100,0] Inaccuracy. Ne6 was best.} (38... Ne6 39. Nxc4 Nxd4 40.
Na5 Bd5 41. Ba4 Ne6 42. c6 f6 43. exf6 exf6 44. Nb7 Kf8 45. Nd6) 39. Bxb2 {
[%eval -91,0]} Ne6 {[%eval -99,0]} 40. Ba3 {[%eval -73,0]} Kf8 {[%eval 76,0]}
41. Bb3 $6 {[%eval -49,0] Inaccuracy. Bb4 was best.} (41. Bb4 g5 42. h4 h6 43.
hxg5 hxg5 44. Bb3 Nf4 45. Bd2 Ne2+ 46. Kf2 Nd4 47. Bc4 Nf3) 41... Nd4 {[%eval
-41,0]} 42. Bc4 {[%eval 95,0]} Nc2 {[%eval 95,0]} 43. Bc1 {[%eval 86,0]} e6 {
[%eval 45,0]} 44. Bd2 {[%eval 38,0]} Bd5 {[%eval 54,0]} 45. Bb5 {[%eval 43,0]}
Nd4 {[%eval 43,0]} 46. Bh6+ {[%eval 47,0]} Kg8 {[%eval 2,0]} 47. Ba4 {[%eval
32,0]} Ne2+ {[%eval 0,0]} 48. Kf2 {[%eval 37,0]} Nc3 {[%eval 27,0]} 49. Bd7 $2
{[%eval -57,0] Mistake. Bc2 was best.} (49. Bc2) 49... Ne4+ {[%eval -84,0]} 50.
Ke3 {[%eval -63,0]} Nxc5 {[%eval -42,0]} 51. Bb5 {[%eval -78,0]} a6 52. Be2 a5
53. Kd4 Nb3+ 54. Kc3 a4 55. Kb4 Nd4 56. Bd1 Nc6+ 57. Kxa4 Nxe5 58. Bf4 Nd3 0-1

[Event "Kvika Reykjavik Open 2022"]
[Site "Reykjavik, Iceland"]
[Date "2022.04.07"]
[Round "2.37"]
[White "Thorhallsson, Throstur"]
[Black "Khoury, Theo"]
[Result "1-0"]
[WhiteElo "2422"]
[BlackElo "1949"]
[PlyCount "79"]
[EventDate "2022.??.??"]

1. d4 {[%eval 3,0]} Nf6 {[%eval 23,0]} 2. Nf3 {[%eval 12,0]} e6 {[%eval 27,0]}
3. c4 {[%eval 0,0]} c5 $6 {[%eval 89,0] Inaccuracy. d5 was best.} (3... d5 4.
cxd5 exd5 5. Bf4 c6 6. e3 Bf5 7. Nc3 Nbd7 8. a3) 4. e3 $6 {[%eval 5,0]
Inaccuracy. d5 was best.} (4. d5 b5 5. dxe6 fxe6 6. cxb5 a6 7. e3 Be7 8. a4 O-O
) 4... d5 {[%eval 24,0]} 5. Nc3 {[%eval 1,0]} a6 {[%eval 26,0]} 6. dxc5 {
[%eval 9,0]} Bxc5 {[%eval 17,0]} 7. a3 {[%eval 0,0]} O-O {[%eval 14,0]} 8. b4 {
[%eval 9,0]} Bd6 {[%eval 35,0]} 9. cxd5 {[%eval 22,0]} exd5 {[%eval 29,0]} 10.
Be2 {[%eval 3,0]} Nc6 {[%eval 41,0]} 11. O-O {[%eval 37,0]} Be6 {[%eval 31,0]}
12. Bb2 {[%eval 34,0]} Rc8 {[%eval 39,0]} 13. Rc1 {[%eval 27,0]} Ne5 $4 {
[%eval 198,0] Blunder. Re8 was best.} (13... Re8) 14. Nxd5 {[%eval 222,0]}
Nxf3+ {[%eval 202,0]} 15. Bxf3 {[%eval 168,0]} Bxd5 {[%eval 187,0]} 16. Rxc8 {
[%eval 199,0]} Qxc8 {[%eval 109,0]} 17. Bxf6 $2 {[%eval 33,0] Mistake. Bxd5
was best.} (17. Bxd5 Nxd5 18. Qxd5 Rd8 19. Qe4 Bf8 20. g3 Re8 21. Qf3 Qc2 22.
Bd4 Re7 23. Ra1 h6) 17... Bxf3 {[%eval 24,0]} 18. Qxd6 {[%eval 36,0]} Qg4 {
[%eval 24,0]} 19. Qg3 {[%eval 39,0]} Qxg3 {[%eval 37,0]} 20. hxg3 {[%eval 28,0]
} Bh5 {[%eval 49,0]} 21. Bd4 {[%eval 42,0]} Rc8 {[%eval 5,0]} 22. f3 {[%eval
47,0]} Rc2 $6 {[%eval 136,0] Inaccuracy. f6 was best.} (22... f6 23. Rd1) 23.
Rd1 $2 {[%eval 32,0] Mistake. g4 was best.} (23. g4 Bg6) 23... Ra2 $4 {[%eval
206,0] Blunder. f6 was best.} (23... f6 24. Bc5 Be8 25. Rd8 Kf7 26. g4 h6 27.
e4 Bc6 28. Kh2 Kg6 29. Rb8 Kh7 30. Bf8) 24. Bb2 {[%eval 163,0]} f6 {[%eval 164,
0]} 25. Rd2 {[%eval 172,0]} Kf7 $6 {[%eval 273,0] Inaccuracy. Be8 was best.} (
25... Be8 26. g4) 26. e4 {[%eval 259,0]} Bg6 {[%eval 235,0]} 27. g4 {[%eval
286,0]} h5 {[%eval 344,0]} 28. gxh5 {[%eval 338,0]} Bxh5 {[%eval 408,0]} 29.
Kf2 {[%eval 374,0]} g5 $6 {[%eval 521,0] Inaccuracy. Bg6 was best.} (29... Bg6
30. Ke2) 30. g4 {[%eval 555,0]} Bg6 {[%eval 564,0]} 31. Ke3 {[%eval 513,0]} Ke6
{[%eval 593,0]} 32. Kd3 {[%eval 507,0]} Kd7 {[%eval 567,0]} 33. Kc2+ {[%eval
636,0]} Kc7 {[%eval 638,0]} 34. Kb1 {[%eval 586,0]} Bf7 {[%eval 600,0]} 35. Rh2
{[%eval 664,0]} Kc6 {[%eval 608,0]} 36. Rh6 Kb5 37. Rxf6 Bc4 38. Rf5+ Ka4 39.
Kc2 b5 40. Rf6 1-0